| 000 | 00572nam a2200169 a 4500 | ||
|---|---|---|---|
| 001 | 000027853 | ||
| 005 | 20200930031141.0 | ||
| 008 | 110405s2002 dr 000 0 spa d | ||
| 020 | _a9993470333 | ||
| 040 |
_aDO-SdBNP _bspa _cBNPHU |
||
| 100 | 1 |
_aAristy R. Miguel _954926 |
|
| 245 | 1 | 3 |
_aLa libertad del ser : _bla expresión del vivir en paz alegre y sin problema / _cMiguel Aristy R. ; corrección de textos Gisela Vargas Ortega. |
| 260 |
_a[Santo Domingo] : _bMediabyte, _c2002. |
||
| 300 |
_a202 p. ; _c23 cm. |
||
| 700 | 1 |
_aVargas Ortega, Gisela _95746 |
|
| 049 | _aBNPD | ||
| 999 |
_c27345 _d27345 |
||